000 00598cam a22002171 4500
001 sa 65002189
003 DLC
005 20260227112115.0
008 890918s1964 ii 000 0 maro
010 _asa 65002189
035 _a(OCoLC)20360937
040 _aDLC
_cWaU
_dDLC
042 _apremarc
050 0 0 _aPK2418.P3156
_bS2
100 1 _aPatkī, Vi. Vā.
_q(Viśvanātha Vāmana)
245 1 0 _aSākshātkāra.
260 _c[1964]
300 _a304 p.
_c19 cm.
410 2 0 _aMumbaī Marāṭhī Grantha Saṅgrahālaya.
_tLalita sāhitya prakāśana mālā,
_v1
500 _aIn Marathi.
999 _c62503
_d62503